Welcome to CU Library Online Public Access Catalogue (OPAC)

Clinical Diagnosis and Management of Alzheimer's Disease/ (Record no. 3633)

MARC details
000 -LEADER
fixed length control field 00481nam a22001577a 4500
005 - DATE AND TIME OF LATEST TRANSACTION
control field 20250208085812.0
008 - FIXED-LENGTH DATA ELEMENTS--GENERAL INFORMATION
fixed length control field 250208b |||||||| |||| 00| 0 eng d
020 ## - INTERNATIONAL STANDARD BOOK NUMBER
International Standard Book Number 9781853176555
050 ## - LIBRARY OF CONGRESS CALL NUMBER
Classification number RC523
Item number .C55
245 ## - TITLE STATEMENT
Title Clinical Diagnosis and Management of Alzheimer's Disease/
Statement of responsibility, etc. edited by Serge Gauthier
250 ## - EDITION STATEMENT
Edition statement 2nd ed.
260 ## - PUBLICATION, DISTRIBUTION, ETC.
Place of publication, distribution, etc. London
Name of publisher, distributor, etc. Martin Dunitz
Date of publication, distribution, etc. 1999
300 ## - PHYSICAL DESCRIPTION
Extent xii. 386p.
Other physical details ill. some color
Dimensions 25.5cm
700 ## - ADDED ENTRY--PERSONAL NAME
Personal name Gauthier, Serge
942 ## - ADDED ENTRY ELEMENTS (KOHA)
Source of classification or shelving scheme Library of Congress Classification
Koha item type Books
Edition 2nd ed.
Suppress in OPAC No
999 ## -
-- 3633
-- 3633
Holdings
Withdrawn status Lost status Source of classification or shelving scheme Damaged status Not for loan Collection Home library Current library Shelving location Date acquired Total checkouts Full call number Barcode Date last seen Copy number Price effective from Koha item type
    Library of Congress Classification     Non-fiction Science Library (Miotso) Science Library (Miotso) General stacks 02/08/2025   RC523 .C55 CLI SLM00003154 02/08/2025 1 02/08/2025 Books
© 2023-2024 Copyright: Central University Libraries. All Rights Reserved | Created by: Mahone Tech Office